1233 1980 1351 1169 1037 1058 1589 1963 1403 1777 1779 1081 1978 1970 1802 1234 1201 1994 1492 1181 1327 1491 1013 1852 1554 1223 1030 1977 1995 1908 1865 1830 1356 1618 1987 1377 1039 1230 1322 1469 1710 1208 1997 1749 1131 1786 1799 1062 1439 1003 1479 1741 1249 1571 1052 1447 1732 1504 1841 1718 1911 1970 1118 1865 1712 1985 1248 1710 1696 1068 1321 1511 1171 1781 1268 1986 1001 1888 1986 1678 1621 1889 1387 1366 1880 1832 1952 1253 1358 1135 1532 1805 1074 1653 1445 1758 1994 1935 1244 BCNSPRNW ULIB Ver.6.0+V

เปลี่ยนเป็นภาษาไทย

Change to English
 แสดงรายละเอียดบรรณานุกรม
  กลับหน้าหลัก

Brief Record : Get Marc (ISO 2709) : E-mail record : QR code < ปิดหน้าต่าง
LEADER : 00000nam 2200000uu 4500
001    13399127048
003     ULIB
008    020711s2562 th a 000 0 tha d
020    ^a9786168237038
060    ^aWS103^bส943ห
100    ^aเสาวภา พรจินดารักษ์
245    ^aหมีน้อยกินเองเก่งจัง ชุดหมีน้อย...เก่งจัง (LI ITTLE BEAR LOVES TO EAT!)
250    ^aพิมพ์ครั้งที่ 1
260    ^aกรุงเทพฯ :^bสำนักพิมพ์ Happy Parenting,^c2562
300    ^a24 หน้า;^b21 ซม.
650    ^aเด็ก^xการเรียนการสอน
945    ^p135^l0^i006236
999    ^aประนอม เกษจรัล
รายการนี้ยังไม่มีแท็ก
คุณยังไม่ได้ล็อกอิน คุณสามารถมีกิจกรรมร่วมกับเว็บไซต์ได้ แต่ต้องล็อกอินก่อน ::
  ล็อกอิน

รายการสื่อสารสนเทศ

ลำดับที่ ประเภท เลขเรียก/บาร์โค้ด สถานที่ สถานะ
1. วิทยาศาสตร์การแพทย์ และสุขภาพ
วิทยาศาสตร์การแพทย์ และสุขภาพ
WS103 ส943ห ฉ.1 
  Barcode: 006236
ห้องสมุดวิทยาเขตสวรรค์ประชารักษ์
►หนังสือทั่วไป
บนชั้น

รายการใกล้เคียง
    ผู้แต่ง [เสาวภา พรจินดารักษ์]

BibComment


ยังไม่เคยถูกคอมเมนท์

คอมเมนท์ทรัพยากรรายการนี้
  คอมเมนท์: หมีน้อยกินเองเก่..


 Copyright 2026. Bcnsprnw @Library